| 000 | 00824nac a22002171u 4500 | ||
|---|---|---|---|
| 008 | 110627t xxu||||| |||| 00| 0 eng d | ||
| 020 | _a1405862548 | ||
| 020 | _a9781405862547 | ||
| 082 |
_a428.6 _bPOE _222 |
||
| 100 |
_aPoe, Edgar Allan. _925956 |
||
| 245 |
_aTales of Mystery and Imagination / _cEdgar Allan Poe |
||
| 260 |
_aHarlow : _bPearson Education, 2008. _c2008. |
||
| 300 |
_a107 p. ; _c15 cm. |
||
| 490 |
_aPenguin readers _925526 |
||
| 521 | _aB2: Upper-Intermediate | ||
| 650 |
_aEnglish language _xStudy and teaching _xForeign speakers. _912671 |
||
| 653 |
_bENG _cJune2011 |
||
| 700 |
_924078 _aJohn, Roland _enrt |
||
| 942 |
_cBB _k428.6 POE _2ddc |
||
| 999 |
_c15654 _d15654 |
||